Представление документа в формате MARC21

Поле Инд. ПП Название Значение
Тип записи a
Библиографический уровень m
001 Контрольный номер 9d8cd171383245e292f882e1439e426e
005 Дата корректировки 20210311151647.1
008 Кодируемые данные 210311|||||||||ru |||||||||||||||||rus||
041 0_ a Код языка текста rus
084 a Индекс другой классификации/Индекс ББК 94+47.293
090 a Полочн. индекс 94
x Авторский знак Н 48
100 1_ a Автор Некрасов И. С.
203 a Вид содержания Текст
c Тип средства непосредственное
245 10 a Заглавие Морфофункциональные особенности сига-пыжьяна (Coregonus Lavaretus pidschian) и хариусов (Thymallus) в разноширотных озерах Сибири с низкой антропогенной нагрузкой
b Продолж. заглавия автореф. дис. ... канд. биол. наук : 03.02.06
c Ответственность Тюменский государственный университет
260 a Место издания Москва
c Дата издания 2020
300 a Объем 24 с.
b Иллюстрации/ тип воспроизводства ил.
504 a Библиография Библиография: с. 22-24
650 04 a Основная рубрика Промысловые рыбы-Лососевые-Авторефераты диссертаций
653 0_ a Ключевые слова Авторефераты диссертаций
a Ключевые слова Биология рыб
a Ключевые слова Исследования рыб
a Ключевые слова Ихтиология
a Ключевые слова Промысловые рыбы
a Ключевые слова Рыбы промысловые
a Ключевые слова Сиговые
a Ключевые слова Сиг-пижьян
901 t Тип документа r